Ruskin Bond, The Blue Umbrella (Record no. 1214063)

MARC details
000 -LEADER
fixed length control field 00362nam a2200133Ia 4500
008 - FIXED-LENGTH DATA ELEMENTS--GENERAL INFORMATION
fixed length control field 260101s1992 xx 000 0 und d
020 ## - INTERNATIONAL STANDARD BOOK NUMBER
International Standard Book Number 9788171373407
041 ## - LANGUAGE CODE
Language code of text/sound track or separate title eng
082 ## - DEWEY DECIMAL CLASSIFICATION NUMBER
Classification number 823.912
Item number BON
100 ## - MAIN ENTRY--PERSONAL NAME
Personal name Bond Ruskin
245 ## - TITLE STATEMENT
Title Ruskin Bond, The Blue Umbrella
260 ## - PUBLICATION, DISTRIBUTION, ETC.
Name of publisher, distributor, etc. Rupa Publication, Pvt . Ltd. New Delhi-110002
Date of publication, distribution, etc. 1992
300 ## - PHYSICAL DESCRIPTION
Extent P-83
Other physical details 18*11
Holdings
Withdrawn status Lost status Damaged status Not for loan Collection Home library Current library Shelving location Date acquired Source of acquisition Cost, normal purchase price Total Checkouts Full call number Barcode Date last seen Price effective from Koha item type
          College of Engineering for Women, Pune College of Engineering for Women, Pune   01/01/2026 Bharati Madhyavarti Sahakari Grahak Bhandar Ltd. Pune-411038 150.00   823.912/BON EWP-PG634 01/01/2026 01/01/2026 Book